Les souverains de Russie - Statistiques

Statistiques générales
  • Ce quiz a été pris 34 fois
  • Le résultat moyen est 11 sur 22
Statistiques - réponses
Dynastie Dates de règne Nom % Correct
Romanov 1894-1917 Nicolas II
89%
Riourikides 1533-1584 Ivan IV le Terrible
75%
Romanov 1881-1894 Alexandre III
68%
Romanov 1762-1796 Catherine II
68%
Romanov 1801-1825 Alexandre Ier
64%
Romanov 1855-1881 Alexandre II
64%
Romanov 1825-1855 Nicolas Ier
64%
Romanov 1683-1725 Pierre Ier le Grand
61%
Romanov 1725-1727 Catherine Ière
57%
Romanov 1727-1730 Pierre II
54%
Godunov 1598-1605 Boris Godunov
50%
Romanov 1762 Pierre III
50%
Romanov 1682-1696 Ivan V
43%
Romanov 1740-1741 Ivan VI
43%
Romanov 1796-1801 Paul Ier
43%
Romanov 1613-1645 Michel Ier
39%
Romanov 1645-1676 Alexis Ier
36%
Romanov 1730-1740 Anne Ière
36%
Riourikides 1584-1598 Fédor Ier
36%
Godunov 1605 Fédor II
36%
Romanov 1676-1682 Fédor III
36%
Romanov 1741-1762 Elizabeth
29%
Aucun quiz correspondant
Distribution des résultats
% des personnes avec chaque résultat
Percentile par nombre de réponses
Votre historique - résultats
Vous n’avez pas pris ce quiz